|
|
|
|
| LEADER |
00000nam a22000007a 4500 |
| 005 |
20160628101953.0 |
| 007 |
cr|||| u|u| |
| 008 |
160628s2015 mx q|||s||||| 0||||1spa d |
| 022 |
|
|
|a 0011-1503
|
| 035 |
|
|
|a 2963
|
| 040 |
|
|
|a vLex
|
| 090 |
|
|
|c 6217
|d 6217
|
| 245 |
1 |
0 |
|a Crt̕ica
|h [Recurso electrn̤ico] /
|c UNAM, Instituto de Investigaciones Filosoficas
|
| 256 |
|
|
|a Servicio en ln̕ea
|
| 260 |
|
|
|a Mx̌ico
|b UNAM, Instituto de Investigaciones Filosoficas
|c 2015
|
| 300 |
|
|
|a 1 recurso electrn̤ico
|
| 310 |
|
|
|a Trimestral
|
| 506 |
1 |
|
|a Contenido solo disponible en los productos indicados
|d vLex Global
|d vLex Global (Academic Edition, excluding Law Schools)
|d vLex Global (U.S. Academic Edition, Law Schools)
|d vLex Global (U.S. Academic Edition, excluding Law Schools)
|d vLex Global (Academic Edition, Law Schools)
|
| 650 |
0 |
4 |
|a Derecho
|z Mx̌ico
|
| 740 |
0 |
|
|a vLex libros (servicio en ln̕ea)
|
| 856 |
4 |
0 |
|u http://vlex.com/source/critica-revista-hispanoamericana-filosofia-2963
|z Acceso restringido
|
| 942 |
|
|
|c REV
|
| 999 |
0 |
|
|a Law
|b Mx̌ico
|